[Event "ENCI Limburg-open A"]
[Site "Maastricht"]
[Date "2010.05.23"]
[Round "4"]
[White "Mengerink, Ynze"]
[Black "Van Eijk, Sander"]
[Result "0-1"]
[WhiteElo "2093"]
[BlackElo "2353"]
[PlyCount "54"]
[EventDate "2010.05.21"]
[EventType "swiss"]
[EventRounds "7"]
[EventCountry "NED"]
[Source "P.Boonen"]
[SourceDate "2010.10.01"]

1. d4 Nf6 2. Nf3 e6 3. e3 c5 4. Bd3 b6 5. c4 Bb7 6. Nc3 Be7 7. b3 O-O 8. Bb2
cxd4 9. exd4 d5 10. cxd5 Nxd5 11. Nxd5 Bxd5 12. O-O Nc6 13. Rc1 g6 14. Ne5 Nb4
15. Bb1 Bb7 16. d5 Nxd5 17. Ng4 f6 18. h4 Nf4 19. Nh6+ Kg7 20. Qg4 Bd6 21. g3
Bd5 22. Qg5 Ba3 23. Ba1 Bxc1 24. Rxc1 e5 25. Nf5+ Kh8 26. Qh6 gxf5 27. Bxf5 Qe7
0-1

[Event "ENCI Limburg-open A"]
[Site "Maastricht"]
[Date "2010.05.23"]
[Round "4"]
[White "Nabuurs, Joep"]
[Black "Friesen, Boris"]
[Result "1-0"]
[WhiteElo "2218"]
[BlackElo "2080"]
[PlyCount "121"]
[EventDate "2010.05.21"]
[EventType "swiss"]
[EventRounds "7"]
[EventCountry "NED"]
[Source "P.Boonen"]
[SourceDate "2010.10.01"]

1. e4 e6 2. d4 d5 3. Nc3 Nf6 4. Bg5 dxe4 5. Nxe4 Be7 6. Bxf6 Bxf6 7. Nf3 Bd7 8.
Qd2 Bc6 9. Nxf6+ Qxf6 10. Ne5 O-O 11. O-O-O Rd8 12. Qe3 Be8 13. g3 Nd7 14. Bg2
c6 15. Nxd7 Bxd7 16. Rd2 Qe7 17. h4 a5 18. h5 h6 19. f4 a4 20. a3 Ra5 21. g4
Qf6 22. Bf3 Bc8 23. c3 c5 24. Rhd1 cxd4 25. Rxd4 Rxd4 26. Qxd4 Qxd4 27. Rxd4
Kh7 28. Bd1 e5 29. Rd8 Be6 30. Bc2+ g6 31. f5 Bd5 32. Rd7 gxf5 33. Bxf5+ Kg7
34. Rd6 f6 35. Rd7+ Kf8 36. Rh7 Bb3 37. Rxh6 Rd5 38. Bc2 Bxc2 39. Kxc2 Ke7 40.
Rh7+ Ke6 41. Rxb7 e4 42. Rb4 Ke5 43. Rd4 Rb5 44. Kd2 Kf4 45. Rb4 Rg5 46. Rb6
Rxg4 47. Rxf6+ Ke5 48. Rg6 Rh4 49. h6 Kf4 50. Rf6+ Ke5 51. Rb6 Kf4 52. Rf6+ Ke5
53. Rg6 Kf4 54. c4 Rh2+ 55. Kc3 Kf5 56. Rd6 e3 57. c5 Ke5 58. Kd3 Rxb2 59. Kxe3
Rh2 60. Rd3 Rxh6 61. Kd2 1-0

[Event "ENCI Limburg-open A"]
[Site "Maastricht"]
[Date "2010.05.23"]
[Round "4"]
[White "Nijboer, Friso"]
[Black "Fedorchuk, Sergey A"]
[Result "1/2-1/2"]
[WhiteElo "2567"]
[BlackElo "2646"]
[PlyCount "33"]
[EventDate "2010.05.21"]
[EventType "swiss"]
[EventRounds "7"]
[EventCountry "NED"]
[Source "P.Boonen"]
[SourceDate "2010.10.01"]

1. e4 e5 2. Nf3 Nc6 3. Bb5 a6 4. Ba4 Nf6 5. O-O b5 6. Bb3 Bb7 7. d3 Be7 8. Nc3
O-O 9. Bd2 d6 10. Nd5 Nxd5 11. Bxd5 Qc8 12. Re1 Bf6 13. c3 Ne7 14. Bxb7 Qxb7
15. d4 Ng6 16. Qc2 Rfe8 17. Rad1 1/2-1/2

[Event "ENCI Limburg-open A"]
[Site "Maastricht"]
[Date "2010.05.23"]
[Round "4"]
[White "Ocantos, Manuel"]
[Black "Verstraeten, Reinaert"]
[Result "1-0"]
[WhiteElo "2125"]
[BlackElo "2007"]
[PlyCount "103"]
[EventDate "2010.05.21"]
[EventType "swiss"]
[EventRounds "7"]
[EventCountry "NED"]
[Source "P.Boonen"]
[SourceDate "2010.10.01"]

1. e4 c5 2. Nf3 d6 3. d4 cxd4 4. Nxd4 Nf6 5. Nc3 a6 6. Bc4 e6 7. Bb3 Be7 8. O-O
O-O 9. f4 Nc6 10. Kh1 Qc7 11. f5 e5 12. Nde2 b5 13. a3 Bb7 14. Bg5 Na5 15. Bxf6
Bxf6 16. Bd5 Rac8 17. Bxb7 Nxb7 18. Ng3 Bd8 19. f6 Bxf6 20. Nd5 Qxc2 21. Nxf6+
gxf6 22. Qg4+ Kh8 23. Qh4 Rg8 24. Qxf6+ Rg7 25. Rf2 Qc4 26. Nf5 Rcg8 27. Rf3
Qe6 28. Qxe6 fxe6 29. Nxg7 Kxg7 30. Rg3+ Kh8 31. Rxg8+ Kxg8 32. b4 Nd8 33. Rc1
Kg7 34. Rc8 Nf7 35. h4 d5 36. Rc6 d4 37. Kg1 Kf6 38. Rxa6 h5 39. Kf2 Ke7 40. a4
bxa4 41. Ra7+ Kf6 42. b5 Nd6 43. b6 Nxe4+ 44. Kf3 Nc5 45. b7 e4+ 46. Ke2 Nxb7
47. Rxb7 Kf5 48. Rb4 e5 49. Rxa4 e3 50. Kd3 Kf4 51. Ra5 Kf5 52. g3 1-0

[Event "ENCI Limburg-open A"]
[Site "Maastricht"]
[Date "2010.05.23"]
[Round "4"]
[White "Oosterman, Maarten Jan"]
[Black "Coenen, Eduard"]
[Result "0-1"]
[WhiteElo "1978"]
[BlackElo "2140"]
[PlyCount "46"]
[EventDate "2010.05.21"]
[EventType "swiss"]
[EventRounds "7"]
[EventCountry "NED"]
[Source "P.Boonen"]
[SourceDate "2010.10.01"]

1. e4 g6 2. d4 Bg7 3. Nc3 c6 4. Be3 d5 5. e5 h5 6. Qd2 Nh6 7. O-O-O Qa5 8. Kb1
b5 9. h3 b4 10. Nce2 Na6 11. Nc1 Rb8 12. Nb3 Qb6 13. Ne2 Nc7 14. Nf4 a5 15. Nc5
Nf5 16. Be2 a4 17. g4 b3 18. cxb3 axb3 19. gxf5 Bxf5+ 20. Ka1 Bc2 21. Rc1 Ra8
22. a3 O-O 23. Nd7 Rxa3+ 0-1

[Event "ENCI Limburg-open A"]
[Site "Maastricht"]
[Date "2010.05.23"]
[Round "4"]
[White "Pietersma, Menno"]
[Black "Henrichs, Thomas"]
[Result "0-1"]
[WhiteElo "2225"]
[BlackElo "2482"]
[PlyCount "75"]
[EventDate "2010.05.21"]
[EventType "swiss"]
[EventRounds "7"]
[EventCountry "NED"]
[Source "P.Boonen"]
[SourceDate "2010.10.01"]
[TimeControl "60+6"]
[WhiteClock "0:00:00"]
[BlackClock "0:00:04"]

1. d4 e6 2. c4 c5 3. dxc5 Bxc5 4. Nc3 Nf6 5. e4 Nc6 6. Bf4 O-O 7. e5 Qc7 8. Nb5
Qb8 9. Qe2 a6 10. Nc3 Ne8 11. Nh3 Bd4 12. O-O-O b5 13. cxb5 axb5 14. Qxb5 Qa7
15. Bd3 Nc7 16. Bxh7+ Kh8 17. Qe2 g6 18. Rxd4 Nxd4 19. Qg4 Nf5 20. Bxg6 fxg6
21. Qxg6 Ne8 22. Ng5 d5 23. exd6 Qg7 24. Be5 Nf6 25. Qxg7+ Nxg7 26. Rd1 Bd7 27.
Rd3 Kg8 28. Nce4 Nfe8 29. Nc5 Ra7 30. Rg3 Rxf2 31. Bxg7 Nxg7 32. Ngxe6 Bxe6 33.
Nxe6 Rf6 34. Nxg7 Rxg7 35. Rxg7+ Kxg7 36. Kc2 Rxd6 37. b4 Rg6 38. a4 0-1

[Event "ENCI Limburg-open A"]
[Site "Maastricht"]
[Date "2010.05.23"]
[Round "4"]
[White "Rendboe, John"]
[Black "Bijlsma, Nick"]
[Result "0-1"]
[WhiteElo "2274"]
[BlackElo "2125"]
[PlyCount "96"]
[EventDate "2010.05.21"]
[EventType "swiss"]
[EventRounds "7"]
[EventCountry "NED"]
[Source "P.Boonen"]
[SourceDate "2010.10.01"]

1. d4 Nf6 2. c4 g6 3. Nc3 d5 4. cxd5 Nxd5 5. e4 Nxc3 6. bxc3 Bg7 7. Bc4 c5 8.
Ne2 Nc6 9. Be3 O-O 10. O-O Na5 11. Bd3 cxd4 12. cxd4 b6 13. Rc1 e6 14. Qa4 Bb7
15. Bd2 Nc6 16. Bc3 Rc8 17. Rfd1 Qh4 18. f4 Rfd8 19. Be1 Qe7 20. e5 a6 21. a3
b5 22. Qb3 Nxd4 23. Nxd4 Rxd4 24. Rxc8+ Bxc8 25. Rc1 Qd8 26. Bh4 Qxh4 27. Rxc8+
Bf8 28. g3 Qe7 29. Qc3 Qa7 30. Kg2 Qb7+ 31. Kh3 Rxd3 32. Rxf8+ Kxf8 33. Qxd3
Qb6 34. Qd7 a5 35. Kh4 h6 36. Kg4 b4 37. axb4 axb4 38. Qc8+ Kg7 39. Qc2 Qe3 40.
Qd1 b3 41. Qd8 Qe2+ 42. Kh3 Qh5+ 43. Kg2 Qf5 44. Qb6 Qc2+ 45. Kf3 b2 46. Qd8
b1=Q 47. Qf6+ Kg8 48. Qd8+ Kh7 0-1

[Event "ENCI Limburg-open A"]
[Site "Maastricht"]
[Date "2010.05.23"]
[Round "4"]
[White "Reymann, Cedric"]
[Black "Groot, Simon"]
[Result "1-0"]
[WhiteElo "2144"]
[BlackElo "2026"]
[PlyCount "69"]
[EventDate "2010.05.21"]
[EventType "swiss"]
[EventRounds "7"]
[EventCountry "NED"]
[Source "P.Boonen"]
[SourceDate "2010.10.01"]

1. e4 c5 2. c3 d5 3. exd5 Qxd5 4. d4 Nc6 5. Nf3 Bg4 6. Be2 cxd4 7. cxd4 e6 8.
Nc3 Qa5 9. O-O Nf6 10. h3 Bh5 11. a3 Be7 12. Qb3 Bxf3 13. Bxf3 Nxd4 14. Qxb7
Nxf3+ 15. Qxf3 O-O 16. Be3 Rac8 17. Rfd1 Qa6 18. Rd4 Bc5 19. Ra4 Qb6 20. Bg5
Qxb2 21. Bxf6 Bxf2+ 22. Qxf2 Qxa1+ 23. Kh2 Rxc3 24. Rg4 g6 25. Rc4 Rxh3+ 26.
Kxh3 Qxa3+ 27. Kh2 Qd3 28. Rc5 h6 29. Qf4 g5 30. Bxg5 f5 31. Bxh6 Rf7 32. Rc8+
Kh7 33. Qh4 Kg6 34. Rg8+ Kh7 35. Rg3 1-0

[Event "ENCI Limburg-open A"]
[Site "Maastricht"]
[Date "2010.05.23"]
[Round "4"]
[White "Samraoui, Mekki"]
[Black "Kempen, Leon"]
[Result "0-1"]
[WhiteElo "2126"]
[BlackElo "2018"]
[PlyCount "148"]
[EventDate "2010.05.21"]
[EventType "swiss"]
[EventRounds "7"]
[EventCountry "NED"]
[Source "P.Boonen"]
[SourceDate "2010.10.01"]

1. b3 d5 2. e3 Nf6 3. Bb2 Bf5 4. f4 e6 5. Nf3 h6 6. h3 Nbd7 7. Be2 Ne4 8. O-O
Ng3 9. Re1 Nf6 10. Ne5 Nxe2+ 11. Qxe2 c6 12. d3 Bc5 13. Nd2 Bh7 14. a4 O-O 15.
Kh1 Nd7 16. Qg4 Nf6 17. Qg3 Be7 18. Nf1 Ne8 19. Qg4 c5 20. Nh2 Bf5 21. Qf3 Bh7
22. Rad1 f6 23. Neg4 Nd6 24. e4 dxe4 25. dxe4 Qb6 26. Re3 Nc4 27. Rd7 Rae8 28.
bxc4 Qxb2 29. Qd1 Rd8 30. Red3 Rxd7 31. Rxd7 Kf7 32. Nf2 Qb6 33. Nf3 Rd8 34. g4
Rxd7 35. Qxd7 Qd6 36. Qxd6 Bxd6 37. f5 Bg8 38. Nd2 Ke7 39. Kg2 Bf7 40. Kf3 Be8
41. a5 Ba4 42. Nb3 exf5 43. exf5 Bc6+ 44. Ne4 Kd7 45. Ke3 Bxe4 46. Kxe4 Kc6 47.
Nd2 Bc7 48. Nb3 b6 49. a6 Be5 50. h4 Bg3 51. h5 Be5 52. Nd2 Bc3 53. Nf3 b5 54.
cxb5+ Kxb5 55. Kd5 Bd4 56. c4+ Kxa6 57. Ke6 Kb6 58. Kf7 a5 59. Kxg7 a4 60. Nd2
Be3 61. Nb1 Bg5 62. Kf7 Ka5 63. Nc3 a3 64. Ke6 Kb4 65. Nd5+ Kxc4 66. Nxf6 a2
67. Ne4 a1=Q 68. Nxg5 hxg5 69. f6 Qa6+ 70. Kf5 Kd5 71. h6 Qc8+ 72. Kxg5 Qg8+
73. Kh5 Ke4 74. g5 Kf5 0-1

[Event "ENCI Limburg-open A"]
[Site "Maastricht"]
[Date "2010.05.23"]
[Round "4"]
[White "Schut, Han"]
[Black "Woestenburg, Jochem"]
[Result "0-1"]
[WhiteElo "2133"]
[BlackElo "2019"]
[PlyCount "91"]
[EventDate "2010.05.21"]
[EventType "swiss"]
[EventRounds "7"]
[EventCountry "NED"]
[Source "P.Boonen"]
[SourceDate "2010.10.01"]

1. e4 c5 2. Nf3 d6 3. d4 cxd4 4. Nxd4 Nf6 5. f3 a6 6. c4 g6 7. Be3 Bg7 8. Qd2
O-O 9. Be2 Nc6 10. O-O Nxd4 11. Bxd4 Be6 12. Nc3 Rc8 13. b3 Nd7 14. Bxg7 Kxg7
15. Rac1 Qa5 16. f4 Nf6 17. Kh1 Rc5 18. Qb2 Qc7 19. f5 gxf5 20. exf5 Rxf5 21.
Rxf5 Bxf5 22. Nd5 Qd8 23. Rf1 Be4 24. Nxf6 exf6 25. Qd4 Qe7 26. Qf2 f5 27. Rd1
Qe5 28. Qd4 Re8 29. Bf1 Re6 30. Qxe5+ dxe5 31. Kg1 Kf6 32. Rd7 Bc6 33. Rd8 e4
34. b4 Ke7 35. Rh8 e3 36. Be2 Rg6 37. g3 f4 38. Rxh7 f3 39. Kf1 Rd6 40. Rh5 f6
41. b5 axb5 42. cxb5 Be4 43. Rh4 f5 44. Rh7+ Kf8 45. Rh5 Rd2 46. Bxf3 0-1

[Event "ENCI Limburg-open A"]
[Site "Maastricht"]
[Date "2010.05.23"]
[Round "4"]
[White "Simenon, Jozef"]
[Black "Lesman, Francis"]
[Result "1-0"]
[WhiteElo "2235"]
[BlackElo "2087"]
[PlyCount "89"]
[EventDate "2010.05.21"]
[EventType "swiss"]
[EventRounds "7"]
[EventCountry "NED"]
[Source "P.Boonen"]
[SourceDate "2010.10.01"]

1. c4 Nf6 2. g3 g6 3. Bg2 Bg7 4. Nc3 O-O 5. d3 d6 6. e4 e5 7. Nge2 c6 8. O-O
Na6 9. h3 Nc7 10. f4 exf4 11. Bxf4 Be6 12. Qd2 Qd7 13. Kh2 Rfc8 14. Bh6 Bh8 15.
Nf4 a6 16. Na4 Qe8 17. Nb6 Nd7 18. Nxc8 Rxc8 19. Rac1 f6 20. Nxe6 Nxe6 21. Bf4
Qe7 22. d4 g5 23. Be3 c5 24. dxc5 dxc5 25. Rcd1 Ne5 26. b3 Bg7 27. Qe2 Qe8 28.
Bf3 Qe7 29. Bg4 Re8 30. Bf5 Bf8 31. Rd5 Nc7 32. Rd2 Qg7 33. Qh5 Be7 34. h4 Rf8
35. hxg5 fxg5 36. Kg2 h6 37. Rh1 Rf6 38. a4 Bf8 39. Rd8 Qe7 40. Rhd1 Rb6 41. b4
Rxb4 42. Qxh6 Rb2+ 43. R1d2 Rxd2+ 44. Bxd2 Nd7 45. Qg6+ 1-0

[Event "ENCI Limburg-open A"]
[Site "Maastricht"]
[Date "2010.05.23"]
[Round "4"]
[White "Smith, Thijmen"]
[Black "Ondersteijn, Niels"]
[Result "0-1"]
[WhiteElo "2091"]
[BlackElo "2276"]
[PlyCount "94"]
[EventDate "2010.05.21"]
[EventType "swiss"]
[EventRounds "7"]
[EventCountry "NED"]
[Source "P.Boonen"]
[SourceDate "2010.10.01"]

1. e4 Nf6 2. e5 Nd5 3. c4 Nb6 4. d4 d6 5. f4 dxe5 6. fxe5 c5 7. d5 g6 8. Bf4
Bg7 9. Nc3 O-O 10. h3 e6 11. Nf3 exd5 12. cxd5 N8d7 13. Bb5 Qe7 14. O-O Nxe5
15. Bxe5 Bxe5 16. Re1 f6 17. Nxe5 fxe5 18. d6 Qg7 19. Nd5 Bd7 20. Nxb6 axb6 21.
Qd5+ Kh8 22. Bxd7 Qxd7 23. Qxe5+ Kg8 24. Rad1 Rae8 25. Qd5+ Kg7 26. Re5 Rxe5
27. Qxe5+ Rf6 28. Qe3 Qa4 29. b3 Qd7 30. Qe5 Kf7 31. h4 h5 32. Qd5+ Kf8 33. Qe5
Kg7 34. Kh1 Qg4 35. Qa1 Kf7 36. d7 Qxh4+ 37. Kg1 Qf2+ 38. Kh1 Rf4 39. d8=N+ Kg8
40. Rd3 Rh4+ 41. Rh3 Re4 42. Qc3 Re1+ 43. Kh2 Qg1+ 44. Kg3 Re3+ 45. Qxe3 Qxe3+
46. Kh2 Qe5+ 47. Kh1 Qd5 0-1

[Event "ENCI Limburg-open A"]
[Site "Maastricht"]
[Date "2010.05.23"]
[Round "4"]
[White "Sprangers, Remco"]
[Black "Richter, Goetz"]
[Result "1-0"]
[WhiteElo "2287"]
[BlackElo "2080"]
[PlyCount "59"]
[EventDate "2010.05.21"]
[EventType "swiss"]
[EventRounds "7"]
[EventCountry "NED"]
[Source "P.Boonen"]
[SourceDate "2010.10.01"]

1. e4 c5 2. Nf3 e6 3. c3 d5 4. e5 Nh6 5. d4 Nf5 6. Bd3 Nc6 7. dxc5 Bxc5 8. O-O
Nfe7 9. b4 Bb6 10. Bf4 f6 11. b5 Nb8 12. Na3 Nd7 13. Qc2 Bc5 14. Nb1 Kf7 15.
Re1 Ng6 16. Bg3 Ndxe5 17. Bxe5 Nxe5 18. Nxe5+ fxe5 19. Rxe5 Qf6 20. Qe2 g6 21.
Nd2 Kg7 22. Rf1 Bd6 23. Re3 e5 24. c4 Be6 25. cxd5 Bxd5 26. Be4 Qf7 27. Bxd5
Qxd5 28. Nc4 Bc7 29. Nxe5 Rae8 30. Rd1 1-0

[Event "ENCI Limburg-open A"]
[Site "Maastricht"]
[Date "2010.05.23"]
[Round "4"]
[White "Swinkels, Robin"]
[Black "Hamblok, Roel"]
[Result "1-0"]
[WhiteElo "2493"]
[BlackElo "2145"]
[PlyCount "73"]
[EventDate "2010.05.21"]
[EventType "swiss"]
[EventRounds "7"]
[EventCountry "NED"]
[Source "P.Boonen"]
[SourceDate "2010.10.01"]
[TimeControl "60+2"]
[WhiteClock "0:00:05"]
[BlackClock "0:00:14"]

1. d4 Nf6 2. c4 e6 3. g3 Bb4+ 4. Bd2 Qe7 5. Nf3 O-O 6. Bg2 Bxd2+ 7. Qxd2 d6 8.
Nc3 e5 9. O-O Nc6 10. Nd5 Nxd5 11. cxd5 Nxd4 12. Nxd4 exd4 13. Rac1 Bf5 14.
Qxd4 Qxe2 15. Rxc7 Qa6 16. Qb4 Rab8 17. Re1 Rfc8 18. Bf1 Qb6 19. Qxb6 axb6 20.
Ree7 Rxc7 21. Rxc7 Kf8 22. a4 Be4 23. Bg2 Bf5 24. Bf1 Be4 25. Bg2 Bf5 26. h3
Ke8 27. Bf1 h5 28. f3 Rc8 29. Rxb7 Rc1 30. Kf2 Rc2+ 31. Ke3 Rxb2 32. Bb5+ Kf8
33. g4 hxg4 34. hxg4 Rb3+ 35. Kd2 Bg6 36. f4 Be4 37. Rb8+ 1-0

[Event "ENCI Limburg-open A"]
[Site "Maastricht"]
[Date "2010.05.23"]
[Round "4"]
[White "Timmermans, Ivo"]
[Black "Schuh, Dirk"]
[Result "1-0"]
[WhiteElo "2216"]
[BlackElo "2344"]
[PlyCount "64"]
[EventDate "2010.05.21"]
[EventType "swiss"]
[EventRounds "7"]
[EventCountry "NED"]
[Source "P.Boonen"]
[SourceDate "2010.10.01"]

1. e4 e6 2. d4 d5 3. Nc3 Nf6 4. e5 Nfd7 5. f4 c5 6. Nf3 Nc6 7. Be3 Be7 8. Qd2
O-O 9. dxc5 Bxc5 10. Nd4 a6 11. O-O-O Nxd4 12. Bxd4 b5 13. Kb1 b4 14. Na4 Bxd4
15. Qxd4 a5 16. Bb5 Rb8 17. Bd3 Qc7 18. Rhe1 Qc6 19. b3 Ba6 20. Bxa6 Qxa6 21.
f5 Rbc8 22. f6 gxf6 23. exf6 Kh8 24. g4 Qc6 25. Re2 Nc5 26. Nxc5 Qxc5 27. Qf4
Rg8 28. g5 a4 29. h4 Rc6 30. h5 axb3 31. cxb3 Qc3 32. g6 hxg6 1-0

[Event "ENCI Limburg-open A"]
[Site "Maastricht"]
[Date "2010.05.23"]
[Round "4"]
[White "Van Vliet, Dennis"]
[Black "Braun, Christian1"]
[Result "0-1"]
[WhiteElo "2104"]
[BlackElo "2377"]
[PlyCount "42"]
[EventDate "2010.05.21"]
[EventType "swiss"]
[EventRounds "7"]
[EventCountry "NED"]
[Source "P.Boonen"]
[SourceDate "2010.10.01"]

1. d4 g6 2. c4 Bg7 3. Nc3 d6 4. e4 Nc6 5. Be3 e5 6. Nge2 f5 7. exf5 gxf5 8.
dxe5 dxe5 9. Qxd8+ Nxd8 10. g3 Ne6 11. Rd1 Ne7 12. Nd5 Nc6 13. Bg2 Bd7 14. b4
Kf7 15. O-O Rhd8 16. a3 Ncd4 17. Nxd4 exd4 18. Bf4 c6 19. Nc7 Nxf4 20. Nxa8
Nxg2 21. Kxg2 Rxa8 0-1

[Event "ENCI Limburg-open A"]
[Site "Maastricht"]
[Date "2010.05.23"]
[Round "4"]
[White "Van der Heijden, Alan"]
[Black "Larmuseau, Michiel"]
[Result "1-0"]
[WhiteElo "2235"]
[BlackElo "2068"]
[PlyCount "77"]
[EventDate "2010.05.21"]
[EventType "swiss"]
[EventRounds "7"]
[EventCountry "NED"]
[Source "P.Boonen"]
[SourceDate "2010.10.01"]

1. d4 Nf6 2. Nf3 c5 3. e3 e6 4. Be2 d5 5. O-O Nbd7 6. c4 dxc4 7. Bxc4 Be7 8.
Qe2 O-O 9. Rd1 Qc7 10. Nc3 a6 11. a4 cxd4 12. exd4 Nb6 13. Bd3 Nbd5 14. Ne5
Nxc3 15. bxc3 Nd5 16. c4 Nf6 17. Bf4 Qd8 18. Qf3 Bd6 19. Qh3 g6 20. Bg5 Be7 21.
Bh6 Qxd4 22. Bxf8 Bxf8 23. Nxf7 e5 24. Qf3 Bg7 25. Bxg6 Bg4 26. Nh6+ Bxh6 27.
Qxf6 Qxc4 28. Bf5 Rf8 29. Qxh6 Bxf5 30. Qg5+ Bg6 31. Qxe5 Qc2 32. Qd5+ Rf7 33.
Rd2 Qc3 34. Re1 Qf6 35. a5 Kg7 36. Rde2 Rc7 37. Re6 Qf7 38. Qe5+ Kh6 39. h4 1-0

[Event "ENCI Limburg-open A"]
[Site "Maastricht"]
[Date "2010.05.23"]
[Round "4"]
[White "Vandenbergen, Nicolas"]
[Black "Hovenga, Alje"]
[Result "1-0"]
[WhiteElo "2098"]
[BlackElo "2188"]
[PlyCount "31"]
[EventDate "2010.05.21"]
[EventType "swiss"]
[EventRounds "7"]
[EventCountry "NED"]
[Source "P.Boonen"]
[SourceDate "2010.10.01"]

1. d4 Nf6 2. c4 Nc6 3. Nc3 e5 4. d5 Ne7 5. h4 Neg8 6. Nf3 e4 7. Ng5 Bb4 8. Bd2
Bxc3 9. Bxc3 e3 10. f3 h6 11. Ne4 d6 12. Qd4 Qe7 13. Ng3 b5 14. O-O-O bxc4 15.
Qxc4 h5 16. Qc6+ 1-0

[Event "ENCI Limburg-open A"]
[Site "Maastricht"]
[Date "2010.05.23"]
[Round "4"]
[White "Vogel, Jaap"]
[Black "Winkels, Marcel"]
[Result "1-0"]
[WhiteElo "2210"]
[BlackElo "2080"]
[PlyCount "77"]
[EventDate "2010.05.21"]
[EventType "swiss"]
[EventRounds "7"]
[EventCountry "NED"]
[Source "P.Boonen"]
[SourceDate "2010.10.01"]

1. Nf3 Nf6 2. d4 c5 3. c4 cxd4 4. Nxd4 e5 5. Nc2 d5 6. cxd5 Qxd5 7. Bd2 Bc5 8.
Nc3 Qd8 9. Be3 Qe7 10. g3 O-O 11. Bg2 Rd8 12. Bxc5 Rxd1+ 13. Rxd1 Qe8 14. O-O
a6 15. Nb4 Nbd7 16. Bd6 Ra7 17. Nbd5 b5 18. Ne7+ Kh8 19. Nc6 Rb7 20. Nxe5 Nxe5
21. Bxe5 Re7 22. Bd6 Ra7 23. Bc5 Rc7 24. Bb6 Rd7 25. Bc6 Qe6 26. Bxd7 Bxd7 27.
Bd4 Ng4 28. Rfe1 b4 29. Nd5 Qh6 30. h4 Qe6 31. Nxb4 Nh6 32. Nd5 Bc6 33. Nf4
Qxa2 34. Bc3 Bb5 35. Rd8+ Ng8 36. Red1 h6 37. f3 Kh7 38. Rc8 Qa4 39. Rdd8 1-0

[Event "ENCI Limburg-open A"]
[Site "Maastricht"]
[Date "2010.05.23"]
[Round "4"]
[White "Wiley, Tom E"]
[Black "Vrancken, Gilbert"]
[Result "1-0"]
[WhiteElo "2281"]
[BlackElo "2165"]
[PlyCount "71"]
[EventDate "2010.05.21"]
[EventType "swiss"]
[EventRounds "7"]
[EventCountry "NED"]
[Source "P.Boonen"]
[SourceDate "2010.10.01"]

1. d4 Nf6 2. c4 e5 3. dxe5 Ng4 4. e3 Nxe5 5. Nh3 Ng6 6. Nc3 Bc5 7. Qh5 d6 8. a3
a5 9. Ng5 Nd7 10. Nge4 a4 11. Qd1 f5 12. Ng3 O-O 13. Nxa4 f4 14. exf4 Rxa4 15.
Qxa4 Nxf4 16. Be3 Qe7 17. Qb3 Bd4 18. O-O-O Nc5 19. Qc2 Bxe3+ 20. fxe3 Qxe3+
21. Kb1 Bg4 22. Qd2 Qb3 23. Re1 h5 24. Re3 Qb6 25. h3 Bd7 26. Rf3 Nb3 27. Qe3
Qxe3 28. Rxe3 Nd2+ 29. Kc2 Nxf1 30. Rxf1 Bc6 31. Ne2 Nxg2 32. Rxf8+ Kxf8 33.
Rg3 Kf7 34. Nd4 Be4+ 35. Kd2 Kf6 36. Nf3 1-0

[Event "ENCI Limburg-open A"]
[Site "Maastricht"]
[Date "2010.05.23"]
[Round "4"]
[White "Wislez, Francis"]
[Black "Nabuurs, Mart"]
[Result "0-1"]
[WhiteElo "2040"]
[BlackElo "2161"]
[PlyCount "68"]
[EventDate "2010.05.21"]
[EventType "swiss"]
[EventRounds "7"]
[EventCountry "NED"]
[Source "P.Boonen"]
[SourceDate "2010.10.01"]

1. d4 d5 2. Nf3 e6 3. g3 Nf6 4. Bg2 c5 5. e3 Nc6 6. O-O b6 7. Nbd2 Bb7 8. b3
Bd6 9. Bb2 O-O 10. Ne5 Qe7 11. f4 Rac8 12. c4 Rfd8 13. cxd5 Nxd5 14. Nxc6 Bxc6
15. Re1 cxd4 16. Bxd4 Bc5 17. Bxc5 Qxc5 18. Ne4 Qa5 19. Qh5 h6 20. a3 Qb5 21.
b4 Qd3 22. Nf2 Qc3 23. Qe2 Ba4 24. e4 Ne7 25. Qf3 Qb2 26. Rab1 Qc2 27. Qe3 Rd2
28. Rbc1 Qxc1 29. Rxc1 Rxc1+ 30. Bf1 Rcc2 31. Ng4 h5 32. Ne5 Rd1 33. Nd3 Bb5
34. Ne1 Rcc1 0-1

[Event "ENCI Limburg-open A"]
[Site "Maastricht"]
[Date "2010.05.23"]
[Round "5"]
[White "Admiraal, Miguoel"]
[Black "Driessens, Patrick"]
[Result "1/2-1/2"]
[WhiteElo "2202"]
[BlackElo "2357"]
[PlyCount "44"]
[EventDate "2010.05.21"]
[EventType "swiss"]
[EventRounds "7"]
[EventCountry "NED"]
[Source "P.Boonen"]
[SourceDate "2010.10.01"]

1. e4 e6 2. d4 d5 3. Nc3 b6 4. exd5 exd5 5. Nf3 Nf6 6. Ne5 Bb7 7. Bd3 Be7 8.
O-O O-O 9. Ne2 Nc6 10. Nxc6 Bxc6 11. Ng3 g6 12. Re1 Ne8 13. Bh6 Ng7 14. Qd2 Re8
15. b4 a6 16. c3 Bb5 17. Bc2 Qd7 18. a4 Bc4 19. Nf1 Nf5 20. Bxf5 Qxf5 21. Ne3
Qd7 22. a5 Bd6 1/2-1/2

[Event "ENCI Limburg-open A"]
[Site "Maastricht"]
[Date "2010.05.23"]
[Round "5"]
[White "Beijerinck, Nick"]
[Black "Grecuccio, Nicola"]
[Result "1-0"]
[WhiteElo "2079"]
[BlackElo "2196"]
[PlyCount "109"]
[EventDate "2010.05.21"]
[EventType "swiss"]
[EventRounds "7"]
[EventCountry "NED"]
[Source "P.Boonen"]
[SourceDate "2010.10.01"]

1. e4 c5 2. Nf3 d6 3. d4 cxd4 4. Nxd4 Nf6 5. Nc3 a6 6. Bg5 e6 7. f4 Qb6 8. Qd2
Nc6 9. O-O-O Nxd4 10. Qxd4 Qxd4 11. Rxd4 Be7 12. Be2 Bd7 13. Bf3 Bc6 14. Re1 h6
15. Bxf6 gxf6 16. Rd3 h5 17. h4 O-O-O 18. Nd5 Bf8 19. Nxf6 Be7 20. Nxh5 f5 21.
Rc3 Kb8 22. Rxc6 bxc6 23. exf5 Bxh4 24. g3 Rxh5 25. Bxh5 Bxg3 26. Rxe6 Bxf4+
27. Kd1 Be5 28. f6 Bxb2 29. f7 Bg7 30. Re8 Kc7 31. Ke2 d5 32. Kf3 c5 33. Kf4 d4
34. Kg5 c4 35. Kg6 Bf8 36. Rxf8 Rxf8 37. Kg7 Rd8 38. f8=Q Rxf8 39. Kxf8 Kd6 40.
Be2 Kc5 41. Ke7 d3 42. cxd3 c3 43. Bd1 Kd4 44. Bc2 Ke3 45. Bb1 Kd2 46. d4 a5
47. d5 a4 48. d6 c2 49. Bxc2 Kxc2 50. d7 a3 51. d8=Q Kb1 52. Qd1+ Kxa2 53. Qc2+
Ka1 54. Kf8 a2 55. Qc1# 1-0

[Event "ENCI Limburg-open A"]
[Site "Maastricht"]
[Date "2010.05.23"]
[Round "5"]
[White "Bijlsma, Nick"]
[Black "Van der Heijden, Alan"]
[Result "1-0"]
[WhiteElo "2125"]
[BlackElo "2235"]
[PlyCount "47"]
[EventDate "2010.05.21"]
[EventType "swiss"]
[EventRounds "7"]
[EventCountry "NED"]
[Source "P.Boonen"]
[SourceDate "2010.10.01"]

1. e4 c5 2. Nf3 a6 3. c3 Nf6 4. e5 Nd5 5. d4 cxd4 6. cxd4 e6 7. Nc3 d6 8. Bd3
Nc6 9. exd6 Bxd6 10. O-O Nce7 11. Re1 Bd7 12. Ne5 Nxc3 13. bxc3 O-O 14. Qh5 Ng6
15. Re3 Bxe5 16. dxe5 f5 17. Rh3 Kf7 18. g4 Qc7 19. gxf5 exf5 20. Ba3 Qxe5 21.
Bc4+ Kf6 22. Rd1 Rfc8 23. Bb3 Re8 24. Re3 1-0